01074nam a2200181 a 450000100080000000500110000800800410001910000170006024500980007726002170017530000100039252003670040265000320076965000110080165000170081265000250082965300380085410085462022-09-14 2002 bl uuuu u00u1 u #d1 aASSAD, E. D. aRede virtual de agrometeorologia como suporte ao zoneamento agrícola.h[electronic resource] aIn: CONGRESSO NACIONAL DE MILHO E SORGO, 24., 2002, Florianópolis. Meio ambiente e a nova agenda para o agronegócio de milho e sorgo: [resumos expandidos]. Sete Lagoas: ABMS: Embrapa Milho e Sorgo: Epagric2002 a11 p. aO que se pretende neste trabalho é relatar a recente experiência de 25 instituições brasileiras, que organizando-se numa rede nacional de agrometeorologia, tem procurado veicular informações agroclimáticas de maneira rápida, eficiente, eficiente e vinculada as políticas publicas definidas para o zoneamento agrícola, crédito e seguro rural no Brasil. aMeteorology and climatology aZoning aMeteorologia aZoneamento Agrícola aRede nacional de agrometeorologia